Business opportunities in Indonesia.
| Format: | Book |
|---|---|
| Published: |
[s.l.]:
CreateSpace Independent Publishing Platform,
2014.
|
| Subjects: |
| LEADER | 00459cam a2200145 7i4500 | ||
|---|---|---|---|
| 001 | 0000032255 | ||
| 005 | 20150603090000.0 | ||
| 020 | 0 | 0 | |a 9781502315700 |
| 090 | 0 | 0 | |a INDO 338.7 |b BUS |
| 245 | 0 | 0 | |a Business opportunities in Indonesia. |
| 260 | 0 | 0 | |a [s.l.]: |b CreateSpace Independent Publishing Platform, |c 2014. |
| 300 | # | # | |a [v.p.]. |
| 650 | 0 | 0 | |a Business -- |z Indonesia |
| 650 | 0 | 0 | |a Doing business -- |z Indonesia |
| 999 | |a B000036022 |b Book |c Countries |e Business Information Centre | ||


